000 00299nam a2200133Ia 4500
100 _aWalston/J.A/ Miller/I
942 _cBK
654 _atransistor
245 _aTransistor circuit design
260 _bMcGraw Hill
_aAckland
_c1986
082 _a621.3815
_bWAL
300 _a523
546 _aENGLISH
999 _c32780
_d32780